| 000 | 00000nam##2200000za#4500 |
| 001 | 9.574052 |
| 003 | CaOODSP |
| 005 | 20210624184009 |
| 007 | cr ||||||||||| |
| 008 | 150406|2001||||xxc|||||o f|0| 0 eng|d |
| 022 | |a1488-5379 |
| 040 | |aCaOODSP|beng |
| 043 | |an-cn--- |
| 086 | 1 |aFs97-6/2367E-PDF |
| 110 | 1 |aCanada. |bDepartment of Fisheries and Oceans. |
| 245 | 10|aRiver mixing characteristics in the Northwest Miramichi River (NB) and associated metal concentration following a discharge by Heath Steele Mines in 1991 / |h[electronic resource]|cby André St-Hilaire and Daniel Caissie. |
| 260 | |aMoncton - New Brunswick : |bFisheries and Oceans Canada |cc2001. |
| 300 | |a31p.|bfig., graphs, map, references, table |
| 490 | 1 |aCanadian technical report of fisheries and aquatic sciences|x1488-5379|vNo. 2367 |
| 500 | |aThe catalogue number (Fs97-6/2367E) and ISSN (0706-6457) for the print edition have been incorrectly copied in this electronic publication. |
| 546 | |a(Résumé en français) |
| 590 | |a12-22-Supp|b2012-05-24 |
| 720 | 1 |aSt-Hilaire, André |
| 720 | 1 |aCaissie, Daniel |
| 776 | 0#|tRiver mixing characteristics in the Northwest Miramichi River (NB) and associated metal concentration following a discharge by Heath Steele Mines in 1991 / |w(CaOODSP)9.615766 |
| 830 | #0|aCanadian technical report of fisheries and aquatic sciences,|x1488-5379|vNo. 2367|w(CaOODSP)9.504449 |
| 856 | 40|ahttp://publications.gc.ca|qPDF|s2.21 MB|uhttps://publications.gc.ca/collections/collection_2012/mpo-dfo/Fs97-6-2367-eng.pdf|yNo. 2367 |